书目信息 |
| 题名: |
跟专家练游泳
|
|
| 作者: | ;北京体育大学游泳教研室 编著 | |
| 分册: | ||
| 出版信息: | 北京 北京体育大学出版社 2001 |
|
| 页数: | 274页 | |
| 开本: | 20cm | |
| 丛书名: | 爱康丛书 | |
| 单 册: | ||
| 中图分类: | G861.1 | |
| 科图分类: | ||
| 主题词: | 游泳 | |
| 电子资源: | ||
| ISBN: | 7-81051-279-X | |
| 000 | 00726nam0 2200229 45 | |
| 001 | 0311190812 | |
| 005 | 20031219104121.8 | |
| 010 | @a7-81051-279-X@dCNY18.80 | |
| 100 | @a20031119d2001 km y0chiy0120 ea | |
| 101 | 0 | @achi |
| 105 | @aa z 000yy | |
| 200 | 1 | @a跟专家练游泳@AGen Zhuan Jia Lian You Yong@f北京体育大学游泳教研室编著@FBei Jing Ti Yu Da Xue You Yong Jiao Yan Shi Bian Zhu |
| 210 | @a北京@c北京体育大学出版社@d2001 | |
| 215 | @a274页@d20cm | |
| 225 | @a爱康丛书@f张万增主编 | |
| 410 | @12001 @a爱康丛书 | |
| 410 | @1700 0@a张万增@AZhang Wan Zeng@4主编 | |
| 606 | 0 | @a游泳 |
| 690 | @aG861.1@v4 | |
| 711 | 02 | @a北京体育大学游泳教研室@4编著 |
| 801 | @aCN@bTSTC@c20031119 | |
| 905 | @b328585-589@dG861.1@e22@f5 | |
| 跟专家练游泳/北京体育大学游泳教研室编著.-北京:北京体育大学出版社,2001 |
| 274页;20cm.-(爱康丛书/张万增主编) |
| ISBN 7-81051-279-X:CNY18.80 |
| ● |
| 相关链接 |
|
|
|
|
正题名:跟专家练游泳
索取号:G861.1/22
 
预约/预借
| 序号 | 登录号 | 条形码 | 馆藏地/架位号 | 状态 | 备注 |
| 1 | 0328585 | 203285854 | 第四借阅区/ [索取号:G861.1/22] | 在馆 | |
| 2 | 0328586 | 203285863 | 第四借阅区/ [索取号:G861.1/22] | 在馆 | |
| 3 | 0328587 | 203285872 | 第四借阅区/ [索取号:G861.1/22] | 在馆 | |
| 4 | 0328588 | 203285881 | 第四借阅区/ [索取号:G861.1/22] | 在馆 | |
| 5 | 0328589 | 203285890 | 第一样本阅览室/ [索取号:G861.1/22] | 在馆 |